000
00302nam a22001337a 4500
008
170508b xxu||||| |||| 00| 0 eng d
020
_a
2900314259669
041
_a
eng
080
_2
5TH
_a
34
100
_a
15
101
_a
SHJ
245
_a
CORPORATIONS LAW AND POLICY
_c
BAUMAN, J.F
942
_2
udc
_c
BK
999
_c
12915
_d
12915